Регионална библиотека "Любен Каравелов" - Русе

История на Априлското въстание 1876 (Запис номер 143911)

MARC детайли
000 -Лидер
Контролно поле с фиксирана дължина 03652nam a2200613 a 4500
001 - Контролен номер на записа
Контролно поле 143911
003 - Код на организацията, давaща контролен номер
Контролно поле BLK
005 - Дата и час на последна редакция
Контролно поле 20240726105917.0
008 - Елементи от данни с фиксирана дължина
fixed length control field 180410b bul|||||r ||||||| ||bul||
010 ## - Наследен системен номер
LC control number KNG00150060000
040 ## - Източник на каталожния запис
Идентификатор на билиотеката - собственик на записа BLK
041 ## - Код за език
Код за езика на текст/звукозапис или на отделно заглавие Български
Код за езика КДБФ Български
072 #7 - Код за тематичната категория
Код организация bullib
Код за тематична категория К
Текст Краезнание
080 ## - УДК
Текстов определител УДК Априлско въстание (1876). Четата на Хр. Ботев
УДК код - определител по УДК 94(497.2)"1876"
УДК - код + определител 94(497.2)"1876"
100 1# - Редна дума - Автор
Автор Косев, Константин Димитров
Авторска отговорност първи автор
R(LIN) 363863
139 ## - Редно поле
Редна дума Косев, Константин Димитров и др.
Авторски знак Кос - К 86
245 10 - Сведения за заглавието
Заглавие История на Априлското въстание 1876
Редно поле (дума) Константин Димитров Косев, Николай Жечев, Дойно Христосков Дойнов
257 ## - Страна на издаване
Страна на създаване/издаване България
260 ## - Област на издателските данни
Място на издаване, разпространение и проч. София
Име на издателя, разпространителя и проч. Партиздат
Година на издаване 1976
300 ## - Физическа характеристика
Страници 624 с.
Илюстрации и др. 58 л. ил., портр., факс., к.
Размери/Мащаб 22 см
380 ## - Жанр
Жанр История
500 ## - Общи забележки
Забележка Авт. не са отбелязани на кор. - Библиогр. след разделите. - Рез. на рус., англ., фр. ез. - Именен и геогр. показалци.
500 ## - Общи забележки
Забележка За революционната дейност на Димитър Атанасов (Русчуклийчето) - с. 239; 244; 245; 414.
500 ## - Общи забележки
Забележка За Никола Балкански - роднина и последовател на Раковски. Подпомага революционната дейност в Румъния. Обезпечава с храна и оъжие четата на П. Хитов - с. 69, 129.
500 ## - Общи забележки
Забележка За революционната дейност на Тома Кърджиев с.176,180,197,203, 204, 205, 213, 220,221, 226, 227, 233,234 ,256,264,265,270,337,342,343,463,464,465,479
500 ## - Общи забележки
Забележка За революционната дейност на Стефан Караджа - с. 69, 88, 97, 117, 125, 132, 133, 134, 136, 158, 431, 563.
520 ## - Забележка за наличие на резюме, анотация и т.н
Анотация, рецензия, сканиран текст За революционната дейност на Панайот Волов на с. 74,84,100,172,175,180,182,200,225-227,232,236,239,262,278,286-289,293-297,300-304308,312,313,318,321,349,350,361,362,364,372,378-380,384,407
520 ## - Забележка за наличие на резюме, анотация и т.н
Анотация, рецензия, сканиран текст За революционната дейност на Филип Тотю на с. 67, 84, 88, 97, 126, 130-132, 134, 149-150, 177, 203, 223, 330, 334, 338, 464, 466, 468, 563.
650 #7 - Допълнително описание по предмет – тема
Основно описание – тема или топоним Априлско въстание, 1876 г.
9 (RLIN) 147292
651 #4 - Допълнително описание по предмет - топоним
Географско понятие България
9 (RLIN) 241624
653 ## - Ключова дума – ненормативна
Ключова дума българска история
653 ## - Ключова дума – ненормативна
Ключова дума Априлско въстание
653 ## - Ключова дума – ненормативна
Ключова дума Панайот Волов
9 (RLIN) 193271
653 ## - Ключова дума – ненормативна
Ключова дума Филип Тотю
9 (RLIN) 199316
659 ## - Тематичен бюлетин
Тематичен бюлетин К
700 1# - Други автори (авторска отговорност)
Лично име Жечев, Николай
Пълна форма на името Николов, Николай Жечев
Дати, свързани с автора 1929 -
Друга информация Български историк
9 (RLIN) 68364
700 1# - Други автори (авторска отговорност)
Лично име Дойнов, Дойно Христосков
Автороска отговорност (Описва отношението между автора и произведението) съавт.
Пълна форма на името Бълг. историк. Фигурира и като Дойно Христов Дойнов
9 (RLIN) 363734
852 ## - Местоположение
Форматна сигнатура Цб 80456
Фондова буква Хранилище
852 ## - Местоположение
Форматна сигнатура К 94(497.2)"1876"/К 86 К
856 4# - Електронен адрес и достъп
Електронен формат pdf - файл
Инструкция (цена за достъп) 0.00
Права за достъп disable
856 4# - Електронен адрес и достъп
Електронен формат pdf - файл
Инструкция (цена за достъп) 0.00
Права за достъп disable
942 ## - АРТИКУЛИ
Вид на библиотечния материал Книги
Скрит в OPAC Не
Периодичен библиозапис Да
Koha issues (borrowed), all copies 2
944 ## - СЪЗДАВАНЕ И РЕДАКЦИЯ на ЗАПИСА
Създаване/Редакция Създаване
Дата на регистрацията/редакция 02.09.2013
Статус, дата на статуса Вася Ганчева
Служител, извършил регистрацията/редакцията 30549
944 ## - СЪЗДАВАНЕ И РЕДАКЦИЯ на ЗАПИСА
Създаване/Редакция Редакция
Дата на регистрацията/редакция 02.03.2018
Статус, дата на статуса 02.09.2013 - от С1,Р / 02.09.2013
Служител, извършил регистрацията/редакцията Микаела_Микова-Илиев
999 ## - СИСТЕМНИ КОНТРОЛНИ НОМЕРА
Koha biblionumber 143911
Koha biblioitemnumber 143911
999 ## - СИСТЕМНИ КОНТРОЛНИ НОМЕРА
Koha biblioitemnumber 143911
999 ## - СИСТЕМНИ КОНТРОЛНИ НОМЕРА
Koha biblioitemnumber 143911
999 ## - СИСТЕМНИ КОНТРОЛНИ НОМЕРА
Koha biblioitemnumber 143911
999 ## - СИСТЕМНИ КОНТРОЛНИ НОМЕРА
Koha biblioitemnumber 143911
999 ## - СИСТЕМНИ КОНТРОЛНИ НОМЕРА
Koha biblioitemnumber 143911
999 ## - СИСТЕМНИ КОНТРОЛНИ НОМЕРА
Koha biblioitemnumber 143911
999 ## - СИСТЕМНИ КОНТРОЛНИ НОМЕРА
Koha biblioitemnumber 143911
999 ## - СИСТЕМНИ КОНТРОЛНИ НОМЕРА
Koha biblioitemnumber 143911
999 ## - СИСТЕМНИ КОНТРОЛНИ НОМЕРА
Koha biblioitemnumber 143911
Наличности
Код за отписване Код за изгубен артикул Източник на класификационната схема Код за повреда Коз за рестрикции Код за отдаване Артикулен № Име на библиотеката - собственик Име на библиотеката, в която се намира в момента Статус (Текущо местоположение) Дата на вписване в системата Местоположение - отдел Цена в лева Инвентарен номер Систематично азбучна сигнатура Баркод Номер на екземпляра Цена в евро Служебна бележка Служебен тип на артикула Бележка за публиката
  Не е изгубен Universal Decimal Classification Не е повреден без рестрикции ползва се в читалня 239019 Регионална библиотека "Любен Каравелов" Русе Регионална библиотека "Любен Каравелов" Русе Краезнание 1976-01-01 Краезнание 3.87 204121 К 94(497.2)"1876"/К 86 К 120000204121 1 1.98 N: Сф Дата: 01.01.1976 Дата инв: 07.11.2017 Бележки инв: К2017 Книги  
  Не е изгубен Universal Decimal Classification Не е повреден само за читалня ползва се в читалня 239020 Регионална библиотека "Любен Каравелов" Русе Регионална библиотека "Любен Каравелов" Русе Хранилище 1976-01-01 Хранилище 3.87 203634 Цб 80456 120000203634 2 1.98 Дост: Dp Вид: Д N: Сф Дата: 01.01.1976 Книги  
Изтеглен Не е изгубен Universal Decimal Classification Не е повреден без рестрикции заемане за дома 239021 Регионална библиотека "Любен Каравелов" Русе Регионална библиотека "Любен Каравелов" Русе Заемна - подръчен фонд 1976-01-01 Заемна - подръчен фонд 3.87 204110 П 949.72.042.22/К 86 204110 3 1.98 N: Сф Дата: 01.01.1976 Книги  
  Не е изгубен Universal Decimal Classification Не е повреден без рестрикции заемане за дома 239022 Регионална библиотека "Любен Каравелов" Русе Регионална библиотека "Любен Каравелов" Русе Заемна - подръчен фонд 1976-01-01 Заемна - подръчен фонд 3.87 204113 П 94(497.2)"1856/1877"/К 86 120000204113 4 1.98 N: Сф Дата: 01.01.1976 Дата инв: 08.02.2018 Бележки инв: П2018 Книги  
Изтеглен Не е изгубен Universal Decimal Classification Не е повреден без рестрикции заемане за дома 239023 Регионална библиотека "Любен Каравелов" Русе Регионална библиотека "Любен Каравелов" Русе Заемна - подръчен фонд 1976-01-01 Заемна - подръчен фонд 3.87 204115 П 949.72.042.22/К 86 204115 5 1.98 N: Сф Дата: 01.01.1976 Книги  
Изтеглен Не е изгубен Universal Decimal Classification Не е повреден без рестрикции заемане за дома 239024 Регионална библиотека "Любен Каравелов" Русе Регионална библиотека "Любен Каравелов" Русе Заемна - подръчен фонд 1976-01-01 Заемна - подръчен фонд 3.87 204117 П 949.72.042.22/К 86 204117 6 1.98 N: Сф Дата: 01.01.1976 Книги  
Изтеглен Не е изгубен Universal Decimal Classification Не е повреден без рестрикции заемане за дома 239025 Регионална библиотека "Любен Каравелов" Русе Регионална библиотека "Любен Каравелов" Русе Заемна - подръчен фонд 1976-01-01 Заемна - подръчен фонд 3.87 204118 П 949.72.042.22/К 86 204118 7 1.98 N: Сф Дата: 01.01.1976 Книги  
Изтеглен Не е изгубен   Не е повреден без рестрикции заемане за дома 239026 Регионална библиотека "Любен Каравелов" Русе Регионална библиотека "Любен Каравелов" Русе   1976-01-01 Заемна - подръчен фонд 3.87 204119 П 949.72.042.22/К 86 204119 8 1.98 N: Сф Дата: 01.01.1976 Книги Отч.N: 6/2018 , Дата: 22.01.2018
  Не е изгубен Universal Decimal Classification Не е повреден без рестрикции заемане за дома 239027 Регионална библиотека "Любен Каравелов" Русе Регионална библиотека "Любен Каравелов" Русе Дубликат 1976-01-01 Заемна - подръчен фонд 3.87 204120 П 94(497.2)"1856/1877"/К 86 120000204120 9 1.98 N: Сф Дата: 01.01.1976 Дата инв: 16.02.2018 Бележки инв: П2018 Книги  
Изтеглен Не е изгубен Universal Decimal Classification Не е повреден без рестрикции заемане за дома 239028 Регионална библиотека "Любен Каравелов" Русе Регионална библиотека "Любен Каравелов" Русе Заемна - подръчен фонд 1976-01-01 Заемна - подръчен фонд 3.87 624479 П 949.72.042.22/К 86 624479 10 1.98 N: Сф Дата: 01.01.1976 Книги  
  Не е изгубен Universal Decimal Classification Не е повреден без рестрикции заемане за дома 239029 Регионална библиотека "Любен Каравелов" Русе Регионална библиотека "Любен Каравелов" Русе Заемна - подръчен фонд 1976-01-01 Заемна - подръчен фонд 3.87 203898 П 94(497.2)"1856/1877"/К 86 120000203898 11 1.98 N: Сф Дата: 01.01.1976 Дата инв: 14.03.2018 Бележки инв: П2018 Книги  
Изтеглен Не е изгубен Universal Decimal Classification Не е повреден без рестрикции заемане за дома 239030 Регионална библиотека "Любен Каравелов" Русе Регионална библиотека "Любен Каравелов" Русе Заемна - подръчен фонд 1976-01-01 Заемна - подръчен фонд 3.00 641812 П 949.72.042.22/К 86 641812 12 1.53 N: Сф Дата: 01.01.1976 Дата инв: 02.03.2018 Бележки инв: П2018 Книги  
Vip Innovations Ltd, Rousse, Bulgaria 2025